| 000 | 01825naa a22003737a 4500 | ||
|---|---|---|---|
| 001 | BR8707767 | ||
| 003 | BR-BrBNA | ||
| 005 | 20250721154534.0 | ||
| 007 | ta | ||
| 008 | 250630b bl.|||m| |||| 00| 0 por d | ||
| 040 |
_aBR-BrBNA _bpor _cBiblioteca Nacional de Agricultura |
||
| 041 | _a(Pt) | ||
| 072 |
_aF08; F01 _b1440 _b0170 _b1940 _bG514 |
||
| 090 | _aF08 BR8707767 | ||
| 100 | 1 | _aFreire Filho, F.R. | |
| 100 | 1 | _aAraujo, A.G. de | |
| 100 | 1 | _aCardoso, M.J. | |
| 100 | 1 | _aFrota, A.B. | |
| 111 | 1 |
_a4. Seminario de Pesquisa Agropecuaria do Piaui _cTeresina, PI (Brazil) _d1986 |
|
| 245 | 1 | _aAvaliacao do sistema policultivar de feijao macassar em consorcio com sorgo e milheto, no Piaui | |
| 246 | 1 | _a[Valluation of multiple cropping with cowpea, sorghum and millets in Piaui] | |
| 246 | 1 | _a[Annals of the 4th Seminary on Agricultural and Zootechnic research of Piaui: Piaui and agricultural development, generation of tecnology, irrigation policy and alternative agriculture] | |
| 500 | _aAnais do 4. Seminario de Pesquisa Agropecuaria do Piaui: Piaui e desenvolvimento agricola, geracao de tecnologia, politica de irrigacao e agricultura alternativa Teresina, PI (Brasil): 1986. p. 128-142 [6 illus.; Summary (Pt)] (BR8707767-AMS) | ||
| 773 | 0 |
_tAnais do 4. Seminario de Pesquisa Agropecuaria do Piaui: Piaui e desenvolvimento agricola, geracao de tecnologia, politica de irrigacao e agricultura alternativa _wF08 BR8707767 _gTeresina, PI (Brasil), 1986. p. 128-142 |
|
| 650 | _aFEIJAO DE CORDA | ||
| 650 | _aCONSORCIACAO DE CULTURA | ||
| 650 | _aSORGO | ||
| 650 | _aMILHETO | ||
| 650 | _aRENDIMENTO | ||
| 650 | _aPIAUI | ||
| 490 |
_aDocumentos - Unidade de Execucao de Pesquisa de Ambito Estadual de Teresina (Brazil) _vno. 6 |
||
| 942 |
_cAMS _2AGRIS |
||
| 909 |
_a202506 _bLúcia _c55 _dLúcia Elande |
||
| 999 |
_c335491 _d335491 |
||